书目信息 |
| 题名: |
北京现代流行语
|
|
| 作者: | 周一民 著 | |
| 分册: | ||
| 出版信息: | 北京 北京燕山出版社 1992.12 |
|
| 页数: | 124页 | |
| 开本: | 19cm | |
| 丛书名: | ||
| 单 册: | ||
| 中图分类: | H172.1 | |
| 科图分类: | ||
| 主题词: | 北京话-俚语 , 俚语-北京话 | |
| 电子资源: | ||
| ISBN: | 7-5402-0500-8 | |
| 000 | 00746nam0 2200253 45 | |
| 001 | 0193034090 | |
| 005 | 20060804102431.39 | |
| 010 | @a7-5402-0500-8@dCNY2.85 | |
| 100 | @a19930810d1992 emky0chiy0121 ea | |
| 101 | 0 | @achi |
| 102 | @aCN@b110000 | |
| 105 | @ay z 000yy | |
| 200 | 10 | @a北京现代流行语@ABEI JING XIAN DAI LIU XING YU@f周一民著@FZHOU YI MIN ZHU |
| 210 | @a北京@c北京燕山出版社@d1992.12 | |
| 215 | @a124页@d19cm | |
| 314 | @a周一民,北京师范大学中文系任教 | |
| 330 | @a本书收集了80年代以来,北京流行行语400余条。 | |
| 540 | 1 | @a流行语@ALIU XING YU |
| 606 | @a北京话-俚语 | |
| 606 | @a俚语-北京话 | |
| 690 | @aH172.1@v三版 | |
| 701 | 0 | @a周一民@AZHOU YI MIN@4著 |
| 801 | 0 | @aCN@bTSSF@c20060804 |
| 905 | @a10447@dH172.1@e24 | |
| 北京现代流行语/周一民著.-北京:北京燕山出版社,1992.12 |
| 124页;19cm |
| ISBN 7-5402-0500-8:CNY2.85 |
| 本书收集了80年代以来,北京流行行语400余条。 |
| ● |
| 相关链接 |
|
|
|
|
正题名:北京现代流行语
索取号:H172.1/24
 
预约/预借
| 序号 | 登录号 | 条形码 | 馆藏地/架位号 | 状态 | 备注 |
| 1 | 0444559 | 204445591 | 密集书库/ [索取号:H172.1/24] | 在馆 |